000 00443nam a2200181Ia 4500
001 974
005 20260306140557.0
008 260306t2000||||xx |||||||||||||| ||spa||
041 _aESP
082 _a174.9574
_bB61
100 _aBlázquez, Niceto 1937-
_eAUT
245 0 _aBioética:
_bla nueva ciencia de la vida
260 _c2000
300 _axxiv, 482 páginas :
_c21 cm.
650 _aGEN
654 _aCPS
942 _cLIB
_dJUS
_fJUS
_2ddc
_n
999 _c974
_d974